000 00518nam a2200217Ia 4500
003 OSt
005 20221005113833.0
006 a|||||r|||| 00| 0
007 ta
008 221004b |||||||| |||| 00| 0 eng d
024 _a118397
037 _cTextual
040 _aCRL
_cCRL
_beng
041 _2eng
_aeng
100 _aNand Kishor
_9625006
245 0 _aAggay ki kavya titeesharya
260 _c1970
650 _aHINDI LITERATURE
_923866
942 _cTEXL
_2cc
999 _c1029444
_d1029444